00659nam a22001937a 450000500170000001000150001702000260003203500140005803700130007208200130008510000170009824500680011526000400018327000510022330000200027494200270029499900190032195201250034020170517124341.0 aENG-118207 a9789382711476c495.00 aEN-101739 bDBAD/PUB a364.1524 aAhmad, Faraz aAssassination of rajiv gandhi an inside job ? /cby Faraz Ahmad aNew DelhibVitasta Publishingc2016 a2/15, Ansari Road, Daryaganj, New Delhi-110002 a312pc21cm.(Hb) 2ddccENh364.1524mAHM c140019d140019 001040708NFICaBL1bBL1d2017-05-17eDBAD/PUBg495.00l0o364.1524 AHMpEN-101739r2017-05-17 00:00:00t1v495.00yEN